000 01213nmm a2200313 a 4500
001 ocm000656099
003 TR-IsHL
005 20201028141739.0
008 160220s2016 tu tur
007 cr cn
020 _a9789944978552
035 _a656099
_b(N$T)
050 0 4 _aDF635
_b.P33 2016
090 0 4 _aDF635
_b.P33 2016
100 1 _aPachymeres, Georges
245 1 0 _aBizanslı gözüyle Türkler
_h[electronic resource] /
_cGeorges Pachymeres ; çeviren İlcan Bihter Barlas
250 _a2.basım
260 _aİstanbul :
_bİlgi Kültür Sanat yayıncılık,
_c2016
300 _a128 p.
650 4 _aTarih
650 4 _aHistory
650 0 _aBizans İmparatorluğu
_x Tarihi
_x Michael VIII Palaeologus, 1261-1282
650 0 _aByzantine Empire
_x History
_x Michael VIII Palaeologus, 1261-1282
650 0 _aBizans İmparatorluğu
_x Tarihi
_x Andronicus II Palaeologus, 1282-1328
650 0 _aByzantine Empire
_x History
_x Andronicus II Palaeologus, 1282-1328
650 7 _aHISTORY / Middle East / Turkey & Ottoman Empire
_2bisacsh
700 1 _aBarlas, İlcan Bihter
856 4 0 _uhttp://search.ebscohost.com/login.aspx?direct=true&scope=site&db=e011xww&AN=656099
999 _c7981
_d7981